| 000 | 00710nam a22002412a 4500 | ||
|---|---|---|---|
| 001 | 26880 | ||
| 003 | BD-RJUL | ||
| 005 | 20211209051059.0 | ||
| 008 | 140323s1968 xx 001 0 eng u | ||
| 035 | _a(BD-RJUL)26951 | ||
| 040 |
_aOSU _dEQO _beng _cBD-RjUL |
||
| 041 | _aeng | ||
| 082 |
_a954.14 _bIRB 1968 |
||
| 090 |
_aDS485.B493 _bI7 |
||
| 100 | 1 |
_aIrani, Cushrow, _d1930- _982605 |
|
| 245 | 1 | 0 |
_aBengal : _bthe communist challenge / _c[by] C. R. Irani |
| 260 |
_aBombay : _bLalvani Pub. House, _c1968 |
||
| 300 |
_aviii, 168 p. ; _c23 cm |
||
| 504 | _aIncludes index | ||
| 650 | 0 |
_aCommunism _zIndia _zWest Bengal _982606 |
|
| 651 | 0 |
_aWest Bengal (India) _xPolitics and government _96175 |
|
| 942 |
_2ddc _cBK |
||
| 999 |
_c26880 _d26880 |
||